00549nam a2200145Ia 4500008004100000024004400041082001900085100005000104245003800154260002500192600002100217650003800238952011000276999001700386250506s9999 xx 000 0 und d a10B-026-BS, 10B-041-BS & 10B-049-BS a658.022072 SAL aSalik Yar Khan, Taha Ashar Minhaj & Ali Abbas 0aBusiness Management and Inventory aKarachi:bUIT,c2010 aComputer Science aBachelor of Computer Science (BS) 001040708PR-CSaUITUbUITUd2022-07-26l0o658.022072 SALpBS-407r2025-05-06 11:34:22w2025-05-06yPR c28342d28342